000 00809pab a2200169 454500
008 180718b1998 xxu||||| |||| 00| 0 eng d
100 _aMatheson, Alex
245 _aGoverning strategically: the New Zealand experience
260 _c1998
300 _ap.349-63
362 _aOct
520 _aThis article describes the evolution of New Zealand's approach to the strategic direction of its public service during a decade of reform. Problems of atomization and short-termism which emerged from the first phase of reform were addressed through the adaptation of the Cabinet and central agency processes for policy, budget and management - Reproduced
650 _aAdministrative reform - New Zealand
650 _aAdministrative reform
773 _aPublic Administration and Development
909 _a39144
999 _c39144
_d39144